[Event "Scarborough CC-ch Reserves U1400"]
[Site "Toronto"]
[Date "2012.05.10"]
[Round "8"]
[White "Roy, Lawrence"]
[Black "Feng, Richard"]
[Result "0-1"]
[WhiteElo "1020"]
[BlackElo "1022"]
[PlyCount "78"]
[EventDate "2012.03.22"]
[EventType "swiss"]
[EventRounds "9"]
[EventCountry "CAN"]
[SourceTitle "EXT 2022"]
[Source "ChessBase"]
[SourceDate "2021.10.06"]
[SourceVersion "1"]
[SourceVersionDate "2021.10.06"]
[SourceQuality "1"]

1. e4 c5 2. Nf3 d6 3. Nc3 Nf6 4. d4 cxd4 5. Nxd4 g6 6. Nf3 Bg7 7. e5 Ng4 8. exd6 Qxd6 9. Qxd6 exd6 10. h3 Nf6 11. Bd3 0-0 12. 0-0 Nc6 13. Bf4 d5 14. Bg5 Be6 15. Rad1 a6 16. Rfe1 Rae8 17. Bxf6 Bxf6 18. a3 Bg7 19. Be2 d4 20. Ne4 Bxh3 21. gxh3 Rxe4 22. Bc4 Rf4 23. Kg2 d3 24. Bxd3 Bxb2 25. a4 Rxa4 26. Rb1 Bc3 27. Re2 b5 28. Be4 Re8 29. Re3 Raxe4 30. Rxc3 Nd4 31. Nxd4 Rxd4 32. Rd3 Rxd3 33. cxd3 Rd8 34. Rd1 b4 35. Rb1 a5 36. Rd1 b3 37. Ra1 Rb8 38. Rxa5 b2 39. d4 b1Q 0-1

[Event "Scarborough CC Falling Leaves U1700"]
[Site "Toronto"]
[Date "2010.11.04"]
[Round "2"]
[White "Roy, Lawrence"]
[Black "Lin, Benjamin1111"]
[Result "1/2-1/2"]
[WhiteElo "874"]
[BlackElo "1085"]
[PlyCount "82"]
[EventDate "2010.10.28"]
[EventType "swiss"]
[EventRounds "7"]
[EventCountry "CAN"]
[SourceTitle "EXT 2022"]
[Source "ChessBase"]
[SourceDate "2021.10.06"]
[SourceVersion "1"]
[SourceVersionDate "2021.10.06"]
[SourceQuality "1"]

1. e4 c5 2. Nf3 Nc6 3. d4 cxd4 4. Nxd4 Nf6 5. Nc3 e5 6. Nxc6 bxc6 7. Be2 Bb4 8. Bd2 Bxc3 9. Bxc3 d6 10. Bf3 0-0 11. 0-0 Be6 12. Qd2 Qd7 13. Rad1 Rad8 14. Rfe1 Bxa2 15. Ra1 Be6 16. h3 Rfe8 17. Qe3 Ra8 18. Red1 Red8 19. Bxe5 d5 20. Bxf6 gxf6 21. exd5 cxd5 22. c4 Qc6 23. cxd5 Bxd5 24. Rxa7 Rxa7 25. Qxa7 Qc2 26. Rxd5 Rxd5 27. Bxd5 Qd1+ 28. Kh2 Qxd5 29. f3 Qe5+ 30. Kh1 Qxb2 31. g4 Qc1+ 32. Qg1 Qxg1+ 33. Kxg1 Kg7 34. Kg2 Kg6 35. Kg3 Kg5 36. h4+ Kg6 37. Kf4 h5 38. gxh5+ Kxh5 39. Kf5 Kxh4 40. Kxf6 Kg3 41. Kxf7 Kxf3 1/2-1/2

[Event "Scarborough CC-ch Reserves U1700"]
[Site "Toronto"]
[Date "2010.04.01"]
[Round "6"]
[White "Roy, Lawrence"]
[Black "Yie, Kevin Yi Xiao"]
[Result "0-1"]
[WhiteElo "844"]
[BlackElo "1176"]
[PlyCount "48"]
[EventDate "2010.02.25"]
[EventType "swiss"]
[EventRounds "9"]
[EventCountry "CAN"]
[SourceTitle "EXT 2022"]
[Source "ChessBase"]
[SourceDate "2021.10.06"]
[SourceVersion "1"]
[SourceVersionDate "2021.10.06"]
[SourceQuality "1"]

1. e4 e5 2. Nf3 Nc6 3. Nc3 Nf6 4. Bb5 d6 5. 0-0 Bd7 6. Bxc6 Bxc6 7. d4 exd4 8. Nxd4 Be7 9. Re1 Bd7 10. a3 0-0 11. e5 dxe5 12. Rxe5 Bd6 13. Re1 h6 14. Ndb5 Bc5 15. Bf4 c6 16. b4 Bxf2+ 17. Kxf2 Qb6+ 18. Be3 Ng4+ 19. Kg1 Nxe3 20. Nd4 Nxd1 21. Raxd1 Rfe8 22. Rxe8+ Rxe8 23. Kh1 Qxd4 24. Rxd4 Re1# 0-1